Tài liệu tập huấn lãnh đạo câu lạc bộ
Nội dung tài liệu bao gồm: vai trò cảu lãnh đạo câu lạc bộ (nhóm trưởng), một số nhiệm vụ chính của nhóm trưởng; điều khiển buổi sinh hoạt của câu lạc bộ nông dân và phương pháp giải quyết vấn đề....
Đã lưu trong:
| Tác giả chính: | |
|---|---|
| Định dạng: | Sách |
| Ngôn ngữ: | Undetermined |
| Được phát hành: |
Long An
Trung tâm khuyến nông Long An
2006
|
| Những chủ đề: | |
| Các nhãn: |
Thêm thẻ
Không có thẻ, Là người đầu tiên thẻ bản ghi này!
|
| Thư viện lưu trữ: | Trung tâm Học liệu Trường Đại học Cần Thơ |
|---|
| LEADER | 00911nam a2200193Ia 4500 | ||
|---|---|---|---|
| 001 | CTU_206616 | ||
| 008 | 210402s9999 xx 000 0 und d | ||
| 082 | |a 630.715 | ||
| 082 | |b M312 | ||
| 100 | |a Nguyễn, Văn Minh | ||
| 245 | 0 | |a Tài liệu tập huấn lãnh đạo câu lạc bộ | |
| 245 | 0 | |c Nguyễn Văn Minh | |
| 260 | |a Long An | ||
| 260 | |b Trung tâm khuyến nông Long An | ||
| 260 | |c 2006 | ||
| 520 | |a Nội dung tài liệu bao gồm: vai trò cảu lãnh đạo câu lạc bộ (nhóm trưởng), một số nhiệm vụ chính của nhóm trưởng; điều khiển buổi sinh hoạt của câu lạc bộ nông dân và phương pháp giải quyết vấn đề. | ||
| 650 | |a Khuyến nông học,Agricultural extension work | ||
| 904 | |i Tuyến | ||
| 980 | |a Trung tâm Học liệu Trường Đại học Cần Thơ | ||